Sports Quiz

Random Sports or Auto Racing Quiz
Score 0/27 Timer 04:00
0 Plays Today
Driver % Correct
Michael Schumacher
99.1%
Ralf Schumacher
98.3%
Jenson Button
97.1%
Rubens Barrichello
96.8%
Fernando Alonso
96.8%
Kimi Räikkönen
94.5%
David Coulthard
93.1%
Giancarlo Fisichella
91.9%
Mark Webber
91.6%
Jarno Trulli
90.2%
Juan Pablo Montoya
89.6%
Takuma Sato
87.3%
Felipe Massa
85%
Nick Heidfeld
80.4%
Driver % Correct
Jacques Villeneuve
79.8%
Pedro de la Rosa
74.4%
Christian Klien
72.6%
Alexander Wurz
71.5%
Vitantonio Liuzzi
65.4%
Anthony Davidson
62.5%
Tiago Monteiro
62.2%
Christijan Albers
59.7%
Narain Karthikeyan
58.2%
Antônio Pizzonia
56.2%
Ricardo Zonta
49%
Robert Doornbos
48.4%
Patrick Friesacher
36%
Remove Ads.
Support Sporcle.
Get the best of Sporcle when you Go Orange. This ad-free experience offers more features, more stats, and more fun while also helping to support Sporcle. Thank you for becoming a member.

You're not logged in!

Compare scores with friends on all Sporcle quizzes.
OR
Log In

Show Comments

Extras

Top Quizzes Today


Score Distribution

Your Account Isn't Verified!

In order to create a playlist on Sporcle, you need to verify the email address you used during registration. Go to your Sporcle Settings to finish the process.

Report this User

Report this user for behavior that violates our Community Guidelines.

Details: